000 01131nab a22002537a 4500
999 _c6538
_d6538
003 OSt
005 20260223120609.0
008 190506c xxu||||| |||| 00| 0 spa d
040 _cPJ
100 _97019
_aCarbonero, Natalia Jacqueline
245 1 3 _aLa sindicalización, la negociación colectiva y los conflictos colectivos de los trabajadores de lataforma /
_cNatalia Jacqueline Carbonero.
260 _aBuenos Aires :
_bAbeledoPerrot,
_c2024.
300 _ap. 9-14
500 _aCita: TR LALEY AR/DOC/312/2024.
505 _aSumario: I. Introducción.— II. Trabajadores de plataforma y el derecho colectivo.— III. Conclusión.— IV. Resumen.
505 _t¿Te interesa el texto completo? Comunicate al correo: koha@justierradelfuego.gov.ar
650 0 _91316
_aDERECHO LABORAL
650 0 _91462
_aCONFLICTOS COLECTIVOS DE TRABAJO
650 0 _91346
_aNEGOCIACION COLECTIVA
650 0 _91370
_aREPRESENTACION SINDICAL
650 0 _91367
_aASOCIACIONES SINDICALES
773 0 _02751
_93202
_dBuenos Aires : AbeledoPerrot, 2013-
_tRevista de derecho laboral y seguridad social. Nº 7 - Abril 2024
942 _2udc
_cANA